| 000 | 00000nam##2200000za#4500 |
| 001 | 9.640397 |
| 003 | CaOODSP |
| 005 | 20210624222641 |
| 007 | cr ||||||||||| |
| 008 | 150407|2001||||xxc|||||o f|0| 0 fre|d |
| 040 | |aCaOODSP|bfre |
| 043 | |an-cn--- |
| 086 | 1 |aH39-509/2001-1F-PDF |
| 110 | 1 |aCanada. |bSanté Canada. |
| 245 | 10|aOutils de communication II : |h[ressource électronique]|bla communication efficace-- à votre service : manuel de cours |
| 246 | 1 |iTitre de renvoi : |aOutils de communication II. Manuel de cours |
| 260 | |aOttawa - Ontario : |bSanté Canada |c2001. |
| 300 | |a101p.|bfigures, glossaire, références |
| 500 | |a«Cours interactif de trois heures à l'intention des practiciens». -- Le nº de catalogue (H39-509/2001-1F) et l'ISBN (0-662-86348-8) de l'édition imprimée ont été incorrectement copiés dans cette édition électronique. |
| 590 | |a12-26-Supp|b2012-06-07 |
| 691 | 07|aCommunication orale|2gcpds |
| 691 | 07|aDiagnostic|2gcpds |
| 691 | 07|aMédecine|2gcpds |
| 775 | 08|tTalking tools II : |w(CaOODSP)9.696276 |
| 776 | 0#|tOutils de communication II : |w(CaOODSP)9.681655 |
| 856 | 40|ahttp://publications.gc.ca|qPDF|s1.37 Mo|uhttps://publications.gc.ca/collections/Collection/H39-509-2001-1F.pdf |